<?xml version="1.0" encoding="UTF-8"?>
<record
    xmlns:xsi="http://www.w3.org/2001/XMLSchema-instance"
    xsi:schemaLocation="http://www.loc.gov/MARC21/slim http://www.loc.gov/standards/marcxml/schema/MARC21slim.xsd"
    xmlns="http://www.loc.gov/MARC21/slim">

  <leader>00827nam a22001937a 4500</leader>
  <controlfield tag="005">20250404115414.0</controlfield>
  <datafield tag="010" ind1=" " ind2=" ">
    <subfield code="a">HIN-129612</subfield>
  </datafield>
  <datafield tag="020" ind1=" " ind2=" ">
    <subfield code="a">9789393267634</subfield>
    <subfield code="c">595.00</subfield>
  </datafield>
  <datafield tag="035" ind1=" " ind2=" ">
    <subfield code="a">HN-101958</subfield>
  </datafield>
  <datafield tag="037" ind1=" " ind2=" ">
    <subfield code="b">DBAD</subfield>
  </datafield>
  <datafield tag="082" ind1=" " ind2=" ">
    <subfield code="a">&#x909;</subfield>
  </datafield>
  <datafield tag="100" ind1=" " ind2=" ">
    <subfield code="a">&#x906;&#x930;&#x94D;&#x91A;&#x930;, &#x91C;&#x948;&#x92B;&#x930;&#x940;</subfield>
    <subfield code="9">80294</subfield>
  </datafield>
  <datafield tag="245" ind1=" " ind2=" ">
    <subfield code="a">&#x90F; &#x92A;&#x94D;&#x930;&#x93F;&#x91C;&#x928;&#x930; &#x911;&#x92B; &#x92C;&#x930;&#x94D;&#x925; /</subfield>
    <subfield code="c">&#x91C;&#x948;&#x92B;&#x930;&#x940; &#x906;&#x930;&#x94D;&#x91A;&#x930; ;&#x930;&#x91A;&#x928;&#x93E; &#x92D;&#x94B;&#x932;&#x93E; '&#x92F;&#x93E;&#x92E;&#x93F;&#x928;&#x940; ' &#x926;&#x94D;&#x935;&#x93E;&#x930;&#x93E; &#x905;&#x928;&#x941;&#x935;&#x93E;&#x926;&#x93F;&#x924; </subfield>
  </datafield>
  <datafield tag="260" ind1=" " ind2=" ">
    <subfield code="a">&#x926;&#x93F;&#x932;&#x94D;&#x932;&#x940; </subfield>
    <subfield code="b">&#x930;&#x93E;&#x91C;&#x92A;&#x93E;&#x932;  &#x90F;&#x902;&#x921; &#x938;&#x902;&#x91C;</subfield>
    <subfield code="c">2024</subfield>
  </datafield>
  <datafield tag="270" ind1=" " ind2=" ">
    <subfield code="b">&#x926;&#x93F;&#x932;&#x94D;&#x932;&#x940; </subfield>
    <subfield code="a">1590, &#x92E;&#x926;&#x930;&#x938;&#x93E; &#x930;&#x94B;&#x921; , &#x915;&#x936;&#x94D;&#x92E;&#x940;&#x930;&#x940; &#x917;&#x947;&#x91F;, </subfield>
    <subfield code="e">110006</subfield>
  </datafield>
  <datafield tag="300" ind1=" " ind2=" ">
    <subfield code="a">439&#x92A;&#x943;.</subfield>
    <subfield code="c">22&#x938;&#x947;&#x92E;&#x940;. (&#x905;&#x91C;&#x93F;&#x932;&#x94D;&#x926;)</subfield>
  </datafield>
  <datafield tag="700" ind1=" " ind2=" ">
    <subfield code="a">&#x930;&#x91A;&#x928;&#x93E; &#x92D;&#x94B;&#x932;&#x93E; </subfield>
    <subfield code="9">80293</subfield>
  </datafield>
  <datafield tag="942" ind1=" " ind2=" ">
    <subfield code="2">ddc</subfield>
    <subfield code="c">HN</subfield>
    <subfield code="h">&#x909;</subfield>
    <subfield code="m">&#x906;&#x930;&#x94D;&#x91A;&#x930;</subfield>
  </datafield>
  <datafield tag="999" ind1=" " ind2=" ">
    <subfield code="c">210795</subfield>
    <subfield code="d">210795</subfield>
  </datafield>
  <datafield tag="952" ind1=" " ind2=" ">
    <subfield code="0">0</subfield>
    <subfield code="1">0</subfield>
    <subfield code="4">0</subfield>
    <subfield code="7">0</subfield>
    <subfield code="8">FIC</subfield>
    <subfield code="a">AV</subfield>
    <subfield code="b">AV</subfield>
    <subfield code="d">2025-04-04</subfield>
    <subfield code="e">DBAD</subfield>
    <subfield code="g">595.00</subfield>
    <subfield code="l">0</subfield>
    <subfield code="o">&#x909; &#x906;&#x930;&#x94D;&#x91A;&#x930;</subfield>
    <subfield code="p">HN-101958</subfield>
    <subfield code="r">2025-04-04 00:00:00</subfield>
    <subfield code="t">1</subfield>
    <subfield code="v">595.00</subfield>
    <subfield code="w">2025-04-04</subfield>
    <subfield code="y">HN</subfield>
  </datafield>
</record>
